|
|
|
|
| LEADER |
01163nab#a2200313#ar4500 |
| 001 |
000074847 |
| 003 |
SVKKK |
| 005 |
20050503xxxxxxx. |
| 008 |
06 c xo huno |
| FMT |
|
|
|
| 038 |
|
|
|a SVKKK
|
| 040 |
|
|
|a SVKKK
|b slo
|e AACR2
|
| 041 |
0 |
|
|a hun
|
| 044 |
|
|
|a xo
|c SK
|
| 080 |
|
|
|a 373.5/.6
|
| 242 |
1 |
0 |
|a Čo je potrebné vedieť o novom školskom roku
|
| 245 |
0 |
0 |
|a Tudnivalók az uj iskolai évre :
|b A középiskolákban szeptember 1-én kezdődik a tanév
|
| 500 |
|
|
|a mikrofilm
|
| 520 |
2 |
|
|a Začiatok školského roku 1918/1919 začína 1. septembra 1918. Riaditelia škôl sú poverení povoliť 3-týždňové prázdniny pre deti gazdov (uvoľnenie na prácu). Pri chlapčenských školách môže byť najviac v triede 88 žiakov a v dievčenských školách najviac 45 žiačok v jednej triede.
|
| 650 |
0 |
4 |
|a školstvo stredné - Uhorsko - Zemplín - začiatok školského roku - 1.09.1918 - infromácie
|
| 773 |
0 |
|
|t Felvidéki Hirlap
|g Roč. 12, č. 23 (22.08.1918) s. 2
|
| 957 |
|
|
|a Uhorsko
|
| 957 |
|
|
|a Zemplín
|
| 958 |
|
|
|a DG
|
| 958 |
|
|
|a SK
|
| 974 |
|
|
|a Ba
|d 20050503
|
| 992 |
|
|
|a RBX
|
| BAS |
|
|
|
| 998 |
|
|
|a RETRO
|